000 00194nam a2200085 4500
999 _c523834
_d523834
082 _aJ7x54 In2
245 _aSAARC
260 _aNew Delhi
_bMinistry of Housing and Urban Affairs
300 _a3 Parts